La cuestión escolar: críticas y alternativas

Saved in:
Bibliografiske detaljer
Hovedforfatter: Palacios, Jesús (autor)
Format: Bog
Sprog:spansk
Udgivet: Barcelona Laia 1982
Udgivelse:4a. ed
Serier:Colección Papel 451, 46
Fag:
Tags: Tilføj Tag
Ingen Tags, Vær først til at tagge denne postø!

MARC

LEADER 00000nam a2200000 a 4500
001 UCG2794
003 CL-VaPUC
008 100723e19820900SP |||||||||||||||||spa|d
020 |a 8472224945 
082 0 4 |a 370.1  |b PAL  |2 21 
100 |a Palacios, Jesús  |e autor  |9 551416 
245 1 3 |a La cuestión escolar: críticas y alternativas 
250 |a 4a. ed 
300 |a 668 p 
942 |c BK 
945 |d 20100723 00:00:00  |a mfarfan 
260 |a Barcelona  |b Laia  |c 1982 
650 0 |a Educación  |9 258661 
650 0 |a Crítica  |9 373015 
583 |a last modification  |c 20100723 00:00:00  |k Rodrigo Vera 
490 0 |a Colección Papel 451, 46 
999 |c 341918  |d 341916 
952 |0 0  |1 0  |4 0  |6 370_100000000000000_PAL_1982  |7 0  |8 A  |9 437759  |a BIBEDU  |b BIBEDU  |d 2019-11-22  |i 469838K  |o 370.1 PAL 1982  |p 469838K  |r 2019-11-22  |w 2019-11-22  |y BK  |k EPE